Guess Liverpool F.C - Statistics

General Stats
  • This quiz has been taken 135 times
  • The average score is 6 of 10
Answer Stats
Picture Answer % Correct
Salah
97%
Mané
82%
Henderson
80%
Van Dijk
79%
Firmino
77%
Milner
76%
Becker
64%
Jones
56%
Anfeild
20%
Coach
15%
No matching quizzes found
Score Distribution
Percent of People with Each Score
Percentile by Number Answered
Your Score History
You have not taken this quiz